[Event "Stare Mesto op"]
[Site "Stare Mesto"]
[Date "2017.08.16"]
[Round "7"]
[White "Mica, Marek"]
[Black "Wasik, Piotr"]
[Result "1/2-1/2"]
[WhiteElo "1842"]
[BlackElo "1986"]
[PlyCount "87"]
[EventDate "2017.08.11"]
[EventType "swiss"]
[EventRounds "10"]
[EventCountry "CZE"]
[SourceTitle "CBM 180 Extra"]
[Source "ChessBase"]
[SourceDate "2017.10.06"]
[SourceVersion "1"]
[SourceVersionDate "2017.10.06"]
[SourceQuality "1"]

1. d4 d5 2. c4 c6 3. Nc3 Nf6 4. Nf3 a6 5. e3 b5 6. b3 Nbd7 7. Bb2 e6 8. Ne5 Nxe5 9. dxe5 Nd7 10. cxd5 exd5 11. Nb1 Bb4+ 12. Nd2 Qe7 13. Qg4 0-0 14. Bd3 g6 15. Qd4 Bc5 16. Qf4 Bb6 17. 0-0 Bc7 18. Nf3 Re8 19. Rac1 Bb7 20. Qh6 Nxe5 21. Be2 Nxf3+ 22. Bxf3 Be5 23. Bxe5 Qxe5 24. Rc2 Rec8 25. Rd1 c5 26. Rcd2 Rd8 27. Qh3 Rd6 28. Qg3 Qxg3 29. hxg3 Rad8 30. Rc2 c4 31. bxc4 bxc4 32. Rb1 Ba8 33. Kf1 Kf8 34. Ke1 Ke7 35. Kd2 Kd7 36. Kc3 Kc6 37. Kd4 Kd7 38. g4 Ke6 39. Rcb2 f6 40. Rb6 Rxb6 41. Rxb6+ Rd6 42. Rb8 Bc6 43. Rb6 Ba8 44. Rb8 1/2-1/2

[Event "Prague Summer op-B 3rd"]
[Site "Prague"]
[Date "2016.08.07"]
[Round "4"]
[White "Kalvach, Ladislav"]
[Black "Wasik, Piotr"]
[Result "0-1"]
[WhiteElo "1797"]
[BlackElo "1963"]
[PlyCount "72"]
[EventDate "2016.08.05"]
[EventType "swiss"]
[EventRounds "9"]
[EventCountry "CZE"]
[SourceTitle "CBM 173 Extra"]
[Source "ChessBase"]
[SourceDate "2016.08.29"]
[SourceVersion "1"]
[SourceVersionDate "2016.08.29"]
[SourceQuality "1"]

1. e4 c5 2. Nf3 e6 3. c3 d5 4. Bb5+ Nc6 5. exd5 Qxd5 6. 0-0 Nf6 7. Re1 Be7 8. d4 0-0 9. Bxc6 Qxc6 10. Ne5 Qd5 11. Be3 cxd4 12. cxd4 Rd8 13. Nc3 Qa5 14. Qf3 Bd7 15. a3 Be8 16. b4 Qa6 17. Ne4 Nxe4 18. Qxe4 Rac8 19. Reb1 b5 20. Rb3 Rd5 21. Qg4 Kh8 22. h4 Bf6 23. f4 Qd6 24. Rd1 Bd8 25. f5 f6 26. fxe6 Rc7 27. Nd3 Bh5 28. Bf4 Bxg4 29. Bxd6 Bxd1 30. Bxc7 Bxb3 31. Bxd8 Rxd8 32. Nc5 Bd5 33. Kf2 Re8 34. g4 Bxe6 35. Kg3 Bd5 36. Kf4 Kg8 0-1

[Event "Prague Summer op-B 3rd"]
[Site "Prague"]
[Date "2016.08.07"]
[Round "3"]
[White "Wasik, Piotr"]
[Black "Mayank, Pal"]
[Result "1-0"]
[WhiteElo "1963"]
[BlackElo "1727"]
[PlyCount "149"]
[EventDate "2016.08.05"]
[EventType "swiss"]
[EventRounds "9"]
[EventCountry "CZE"]
[SourceTitle "CBM 173 Extra"]
[Source "ChessBase"]
[SourceDate "2016.08.29"]
[SourceVersion "1"]
[SourceVersionDate "2016.08.29"]
[SourceQuality "1"]

1. e4 c5 2. Nf3 d6 3. d4 cxd4 4. Nxd4 Nf6 5. Nc3 a6 6. f4 Qc7 7. Be2 e5 8. Nb3 Be7 9. 0-0 Nbd7 10. Qe1 b5 11. a3 Bb7 12. Bf3 Nb6 13. Qg3 Rg8 14. Na5 Bc8 15. Bd2 Be6 16. Rad1 Rd8 17. Kh1 h6 18. Rfe1 Kf8 19. Qf2 Na4 20. Nxa4 bxa4 21. Bb4 exf4 22. e5 Ne8 23. Nc6 Rd7 24. Nxe7 Kxe7 25. Qd4 a5 26. exd6+ Nxd6 27. Bxd6+ Rxd6 28. Qxf4 Rgd8 29. Rxd6 Qxd6 30. Qxa4 Qd2 31. Qe4 Rd4 32. Qe5 Rd7 33. h3 g6 34. Qc5+ Rd6 35. Rd1 Qf4 36. Qc7+ Bd7 37. Rxd6 Qxd6 38. Qxa5 Qg3 39. Qb4+ Kf6 40. Qd4+ Ke7 41. Qe3+ Be6 42. c4 Qc7 43. Bd5 h5 44. c5 Qd7 45. Bxe6 fxe6 46. b4 Qb5 47. Qe4 g5 48. Qh7+ Kf6 49. Qh6+ Kf5 50. Qf8+ Ke4 51. Qf3+ Ke5 52. Qc3+ Kd5 53. Qd2+ Ke4 54. Qxg5 Qf1+ 55. Kh2 Qf7 56. Qg3 Kd4 57. c6 e5 58. b5 Qe8 59. c7 Qc8 60. b6 Kc5 61. Qe3+ Kc6 62. a4 Kb7 63. a5 Qe6 64. Qe4+ Ka6 65. Qa8+ Kb5 66. c8Q Qf6 67. Qe8+ Kb4 68. Qf8+ Qxf8 69. Qxf8+ Kc4 70. b7 e4 71. b8Q e3 72. Qff4+ Kd3 73. Qb3+ Ke2 74. Qbxe3+ Kd1 75. Qd2# 1-0

[Event "Lazy Baltic Pearl op 09th"]
[Site "Lazy"]
[Date "2013.07.06"]
[Round "7.19"]
[White "Wasik, Piotr"]
[Black "Tselkovskiy, Kirill"]
[Result "0-1"]
[WhiteElo "1990"]
[BlackElo "2027"]
[PlyCount "78"]
[EventDate "2013.06.30"]
[EventType "swiss"]
[EventRounds "9"]
[EventCountry "POL"]
[SourceTitle "EXT 2023"]
[Source "ChessBase"]
[SourceDate "2022.10.05"]
[SourceVersion "1"]
[SourceVersionDate "2022.10.05"]
[SourceQuality "1"]

1. e4 c5 2. Nf3 d6 3. Bb5+ Nd7 4. d4 Ngf6 5. Nc3 cxd4 6. Qxd4 e5 7. Qd3 h6 8. Nd5 a6 9. Bxd7+ Bxd7 10. 0-0 Nxd5 11. Qxd5 Bc6 12. Qd3 Be7 13. Rd1 Qc7 14. b3 0-0 15. c4 f5 16. Nd2 f4 17. Ba3 Kh8 18. b4 Be8 19. Rac1 a5 20. Nb1 Bh5 21. Rd2 f3 22. bxa5 Rf6 23. Nc3 Qxa5 24. Nb5 Rg6 25. g3 Bg5 26. Rdd1 Bxc1 27. Rxc1 Rf6 28. Bxd6 Qxa2 29. Bxe5 Rff8 30. Nc7 Rad8 31. Qc3 Rf7 32. Ne6 Rdd7 33. Nf4 Rd2 34. Bd4 Rd7 35. Nd5 Bg4 36. h3 Bxh3 37. Be3 Rb2 38. Bxh6 Rxf2 39. Nb4 Rg2+ 0-1

[Event "Lazy Baltic Pearl op 09th"]
[Site "Lazy"]
[Date "2013.07.02"]
[Round "3"]
[White "Szewczyk, Mariusz"]
[Black "Wasik, Piotr"]
[Result "0-1"]
[WhiteElo "2047"]
[BlackElo "1990"]
[PlyCount "68"]
[EventDate "2013.06.30"]
[EventType "swiss"]
[EventRounds "9"]
[EventCountry "POL"]
[SourceTitle "CBM 155 Extra"]
[Source "ChessBase"]
[SourceDate "2013.08.26"]
[SourceVersion "1"]
[SourceVersionDate "2013.08.26"]
[SourceQuality "1"]

1. e4 c5 2. Nf3 e6 3. d4 cxd4 4. Nxd4 a6 5. Nc3 b5 6. a3 Bb7 7. Bd3 Qb6 8. Nb3 Qc7 9. Bd2 Nf6 10. 0-0 Be7 11. Qe2 d6 12. a4 b4 13. Na2 a5 14. c3 bxc3 15. Nxc3 Nc6 16. Nb5 Qb8 17. Rfc1 0-0 18. Bc3 Rc8 19. Qd2 Bd8 20. Qf4 e5 21. Qd2 Bb6 22. Qe2 h6 23. Bd2 Rd8 24. Be3 Bxe3 25. Qxe3 Nb4 26. f3 d5 27. Bb1 dxe4 28. fxe4 Bc6 29. Nc3 Qb7 30. Qc5 Nxe4 31. Nxe4 Bxe4 32. Bxe4 Qxe4 33. Nxa5 Rxa5 34. Qxa5 Rd2 0-1

[Event "Polanica Zdroj op-B 48th"]
[Site "Polanica Zdroj"]
[Date "2012.08.25"]
[Round "8"]
[White "Wasik, Piotr"]
[Black "Cieslak, Patrycjusz"]
[Result "0-1"]
[WhiteElo "1999"]
[BlackElo "1738"]
[PlyCount "62"]
[EventDate "2012.08.18"]
[EventType "swiss"]
[EventRounds "9"]
[EventCountry "POL"]
[SourceTitle "EXT 2014"]
[Source "ChessBase"]
[SourceDate "2013.11.20"]
[SourceVersion "1"]
[SourceVersionDate "2013.11.20"]
[SourceQuality "1"]

1. e4 d5 2. exd5 Nf6 3. Bb5+ Bd7 4. Bc4 b5 5. Bb3 Bg4 6. f3 Bf5 7. Qe2 a6 8. c4 bxc4 9. Qxc4 g6 10. Nc3 Qd6 11. Ne4 Bxe4 12. fxe4 Bg7 13. Nf3 Nbd7 14. 0-0 0-0 15. Qe2 Ng4 16. h3 Nge5 17. d3 Nc5 18. Bc4 Rab8 19. Nxe5 Qxe5 20. Rb1 Na4 21. Bf4 Qd4+ 22. Be3 Rxb2 23. Bxd4 Bxd4+ 24. Qf2 Bxf2+ 25. Kh1 Rfb8 26. Bb3 Rxb1 27. Rxb1 Nc3 28. Rf1 Bd4 29. d6 e6 30. dxc7 Rc8 31. Bc4 a5 0-1

[Event "Polanica Zdroj op-B 48th"]
[Site "Polanica Zdroj"]
[Date "2012.08.22"]
[Round "5"]
[White "Szusterowski, Radoslaw"]
[Black "Wasik, Piotr"]
[Result "1/2-1/2"]
[WhiteElo "2200"]
[BlackElo "1999"]
[PlyCount "88"]
[EventDate "2012.08.18"]
[EventType "swiss"]
[EventRounds "9"]
[EventCountry "POL"]
[SourceTitle "EXT 2014"]
[Source "ChessBase"]
[SourceDate "2013.11.20"]
[SourceVersion "1"]
[SourceVersionDate "2013.11.20"]
[SourceQuality "1"]

1. d4 d5 2. c4 c6 3. Nc3 Nf6 4. Nf3 a6 5. a4 e6 6. Bg5 Nbd7 7. e3 Qa5 8. Nd2 Bb4 9. Qc2 0-0 10. Be2 c5 11. 0-0 cxd4 12. exd4 dxc4 13. Bxf6 Nxf6 14. Nxc4 Qc7 15. Qb3 Bxc3 16. bxc3 Nd5 17. Bf3 Rd8 18. Bxd5 Rxd5 19. Nb6 Rh5 20. f4 Rb8 21. Rae1 Bd7 22. Rf2 Bc6 23. Re5 Rxe5 24. fxe5 Rd8 25. a5 g6 26. Qb2 Bd5 27. Qd2 Qc6 28. Qf4 Qc7 29. h4 h5 30. c4 Bc6 31. Kh2 Qe7 32. Rd2 Qb4 33. Qg5 Re8 34. d5 Qxa5 35. Qe3 exd5 36. cxd5 Bb5 37. Rf2 Qb4 38. Rf4 Qe7 39. Re4 f5 40. d6 Qd8 41. d7 fxe4 42. dxe8R+ Bxe8 43. Nc4 Qd3 44. Qc5 Qd8 1/2-1/2

[Event "Polanica Zdroj op-B 48th"]
[Site "Polanica Zdroj"]
[Date "2012.08.20"]
[Round "3"]
[White "Wiewiora, Eneasz"]
[Black "Wasik, Piotr"]
[Result "1-0"]
[WhiteElo "2152"]
[BlackElo "1999"]
[PlyCount "61"]
[EventDate "2012.08.18"]
[EventType "swiss"]
[EventRounds "9"]
[EventCountry "POL"]
[SourceTitle "EXT 2014"]
[Source "ChessBase"]
[SourceDate "2013.11.20"]
[SourceVersion "1"]
[SourceVersionDate "2013.11.20"]
[SourceQuality "1"]

1. d4 d5 2. Nf3 Nf6 3. c4 c6 4. Nbd2 e6 5. g3 Nbd7 6. Bg2 Be7 7. 0-0 0-0 8. Qc2 Qb6 9. e4 dxe4 10. Nxe4 Nxe4 11. Qxe4 Rd8 12. Qe2 Bf6 13. Be3 c5 14. Rad1 cxd4 15. Bxd4 Bxd4 16. Rxd4 e5 17. Rd5 Re8 18. Ng5 h6 19. Ne4 Nf6 20. Rd6 Qc7 21. Rxf6 gxf6 22. Nxf6+ Kf8 23. Qh5 Be6 24. Qxh6+ Ke7 25. Qh4 Kf8 26. Qh6+ Ke7 27. Qg5 Kd6 28. Rd1+ Kc5 29. Qe3+ Kb4 30. Qa3+ Kxc4 31. Bf1# 1-0

[Event "Polanica Zdroj op-B 46th"]
[Site "Polanica Zdroj"]
[Date "2010.08.24"]
[Round "7"]
[White "Wasik, Piotr"]
[Black "Kowalik, Pawel"]
[Result "1-0"]
[WhiteElo "2025"]
[BlackElo "1807"]
[PlyCount "37"]
[EventDate "2010.08.18"]
[EventType "swiss"]
[EventRounds "9"]
[EventCountry "POL"]
[SourceTitle "CBM 138 Extra"]
[Source "ChessBase"]
[SourceDate "2010.10.29"]
[SourceVersion "1"]
[SourceVersionDate "2010.10.29"]
[SourceQuality "1"]

1. e4 e5 2. Nf3 Nc6 3. Nc3 Nf6 4. d4 exd4 5. Nd5 h6 6. Bf4 d6 7. Nxd4 Nxd5 8. exd5 Ne5 9. Qd2 Be7 10. 0-0-0 Bg5 11. Bxg5 hxg5 12. Bb5+ Bd7 13. Bxd7+ Kxd7 14. Qb4 Kc8 15. f3 a6 16. Rde1 Kb8 17. Rxe5 dxe5 18. Nc6+ Kc8 19. Nxd8 1-0

[Event "Tabor op"]
[Site "Tabor"]
[Date "2010.08.05"]
[Round "6"]
[White "Paganik, Pavel"]
[Black "Wasik, Piotr"]
[Result "1-0"]
[WhiteElo "2266"]
[BlackElo "2025"]
[PlyCount "99"]
[EventDate "2010.08.01"]
[EventType "swiss"]
[EventRounds "9"]
[EventCountry "CZE"]
[SourceTitle "EXT 2012"]
[Source "ChessBase"]
[SourceDate "2011.11.24"]
[SourceVersion "1"]
[SourceVersionDate "2011.11.24"]
[SourceQuality "1"]

1. d4 d5 2. Nf3 Nf6 3. c4 c6 4. Nc3 a6 5. e3 b5 6. cxd5 cxd5 7. Bd3 Bg4 8. 0-0 Nc6 9. Bd2 e6 10. Rc1 Qb6 11. Qe2 Be7 12. Nxb5 Bxf3 13. gxf3 axb5 14. Rxc6 Qb8 15. Bxb5 0-0 16. a4 e5 17. dxe5 Qxe5 18. Bc3 Qh5 19. Kh1 Rfd8 20. Rg1 Kh8 21. a5 d4 22. Bxd4 Rxa5 23. Bc4 Qh3 24. Bxf7 Bd6 25. f4 Qd7 26. Rxd6 Qxd6 27. Qf3 Qc7 28. Be6 Ra6 29. f5 Rda8 30. b4 Rb8 31. Qg2 Qe7 32. Bc5 Qc7 33. f3 Rba8 34. Bd4 Qe7 35. b5 Ra3 36. Be5 R3a5 37. f4 Rd8 38. Qc6 h5 39. Qc7 Ra7 40. Qxe7 Rxe7 41. Bd4 Nd5 42. Bxd5 Rxd5 43. b6 Rxf5 44. Rb1 Rb7 45. Kg2 Kg8 46. Kf3 Kf7 47. Rc1 Ke6 48. Rc6+ Kd7 49. Rg6 Rf7 50. Bxg7 1-0

[Event "Tabor op"]
[Site "Tabor"]
[Date "2010.08.03"]
[Round "4"]
[White "Bauma, Jiri"]
[Black "Wasik, Piotr"]
[Result "1/2-1/2"]
[WhiteElo "2173"]
[BlackElo "2025"]
[PlyCount "74"]
[EventDate "2010.08.01"]
[EventType "swiss"]
[EventRounds "9"]
[EventCountry "CZE"]
[SourceTitle "EXT 2012"]
[Source "ChessBase"]
[SourceDate "2011.11.24"]
[SourceVersion "1"]
[SourceVersionDate "2011.11.24"]
[SourceQuality "1"]

1. e4 c5 2. Nf3 e6 3. d4 cxd4 4. Nxd4 a6 5. Nd2 Qc7 6. Bd3 Nf6 7. 0-0 d6 8. f4 Qb6 9. c3 e5 10. Nc4 Qc5 11. b4 Qc7 12. fxe5 dxe5 13. Nf3 Nbd7 14. Qe1 b5 15. Na5 Be7 16. Kh1 0-0 17. Be3 Bb7 18. Nxb7 Qxb7 19. Bg1 Qc6 20. Rc1 Rac8 21. Qe2 Nh5 22. g3 Qh6 23. Kg2 Qg6 24. Be3 Rc6 25. a4 bxa4 26. b5 axb5 27. Bxb5 Qxe4 28. Rfd1 Ndf6 29. Bxc6 Qxc6 30. Kg1 Ng4 31. Nxe5 Nxe5 32. Qxh5 Qe4 33. Bd4 Nf3+ 34. Kf2 Rb8 35. Rb1 Rxb1 36. Rxb1 Qxb1 37. Qxf3 Qc2+ 1/2-1/2

[Event "Polanica Zdroj op-B 45th"]
[Site "Polanica Zdroj"]
[Date "2009.08.25"]
[Round "8"]
[White "Wasik, Piotr"]
[Black "Gromczak, Dariusz"]
[Result "1-0"]
[WhiteElo "1976"]
[BlackElo "2057"]
[PlyCount "89"]
[EventDate "2009.08.18"]
[EventType "swiss"]
[EventRounds "10"]
[EventCountry "POL"]
[SourceTitle "CBM 131 Extra"]
[Source "ChessBase"]
[SourceDate "2009.09.03"]
[SourceVersion "2"]
[SourceVersionDate "2009.09.16"]
[SourceQuality "1"]

1. e4 c5 2. Nf3 Nc6 3. Bb5 g6 4. Bxc6 bxc6 5. 0-0 Bg7 6. Re1 Nf6 7. e5 Nd5 8. b3 0-0 9. Bb2 f6 10. exf6 Bxf6 11. Bxf6 Rxf6 12. d4 cxd4 13. Qxd4 e6 14. c4 Nf4 15. Ne5 Rf8 16. Nd2 Qg5 17. g3 Nh3+ 18. Kg2 Rxf2+ 19. Kxh3 Qh5+ 20. Qh4 Qxh4+ 21. Kxh4 Rxd2 22. Kg5 Rxh2 23. Rf1 Rh5+ 24. Kf6 Rf5+ 25. Rxf5 exf5 26. Re1 d6 27. Nf7 Bd7 28. Re7 Rf8 29. Rxd7 d5 30. cxd5 cxd5 31. Ke6 Kg7 32. Ne5+ Kh6 33. Kxd5 a6 34. Rd6 Ra8 35. b4 Rb8 36. a3 a5 37. Kc5 axb4 38. axb4 Re8 39. Nd7 Re3 40. b5 Rxg3 41. Rd4 Rc3+ 42. Kd6 Rb3 43. b6 g5 44. Kc5 f4 45. Rb4 1-0

[Event "Polanica Zdroj op-B 45th"]
[Site "Polanica Zdroj"]
[Date "2009.08.21"]
[Round "4"]
[White "Wasik, Piotr"]
[Black "Szadkowski, Kamil"]
[Result "0-1"]
[WhiteElo "1976"]
[BlackElo "2167"]
[PlyCount "58"]
[EventDate "2009.08.18"]
[EventType "swiss"]
[EventRounds "10"]
[EventCountry "POL"]
[SourceTitle "CBM 131 Extra"]
[Source "ChessBase"]
[SourceDate "2009.09.03"]
[SourceVersion "2"]
[SourceVersionDate "2009.09.16"]
[SourceQuality "1"]

1. e4 c5 2. Nf3 Nc6 3. Bb5 g6 4. 0-0 Bg7 5. Re1 e6 6. Bxc6 bxc6 7. e5 Ne7 8. d3 f6 9. exf6 Bxf6 10. h4 0-0 11. h5 d6 12. hxg6 Nxg6 13. Nc3 e5 14. Bh6 Bg7 15. Qd2 Rxf3 16. gxf3 Nh4 17. Qe3 Qf6 18. Bxg7 Qxg7+ 19. Kf1 Ng2 20. Ke2 Nxe3 21. Kxe3 Bf5 22. Rg1 Bg6 23. Ne4 d5 24. Nxc5 Qe7 25. b4 Qf6 26. Rab1 Rf8 27. Rg3 e4 28. f4 Qxf4+ 29. Ke2 Qxf2+ 0-1

[Event "Augustow op"]
[Site "Augustow"]
[Date "2009.06.27"]
[Round "9.3"]
[White "Janocha, Jan"]
[Black "Wasik, Piotr"]
[Result "0-1"]
[WhiteElo "1822"]
[BlackElo "1982"]
[PlyCount "105"]
[EventDate "2009.06.20"]
[EventType "swiss"]
[EventRounds "9"]
[EventCountry "POL"]
[SourceTitle "CBM 131 Extra"]
[Source "ChessBase"]
[SourceDate "2009.09.03"]
[SourceVersion "2"]
[SourceVersionDate "2009.09.16"]
[SourceQuality "1"]

1. e4 c5 2. Nf3 e6 3. Bc4 Qc7 4. 0-0 a6 5. c3 b5 6. Bb3 c4 7. Bc2 Bb7 8. d4 cxd3 9. Qxd3 d6 10. Bf4 Nd7 11. Rd1 e5 12. Bg3 Ngf6 13. Nbd2 Be7 14. Qe2 0-0 15. Rac1 Nh5 16. Ne1 g6 17. Nf1 d5 18. exd5 f5 19. Bb3 Qd6 20. f3 Nxg3 21. hxg3 Nc5 22. c4 Bg5 23. Rc3 b4 24. Rc2 e4 25. f4 Bf6 26. Ne3 a5 27. Rcd2 a4 28. Bc2 Bxb2 29. Bb1 Bc3 30. Rc2 Bg7 31. g4 b3 32. axb3 axb3 33. Rcc1 Qxf4 34. gxf5 gxf5 35. Nf1 Qd6 36. Qh5 Ra1 37. Rd2 Bh6 38. Rcd1 Na4 39. Rf2 Nc3 40. Rxf5 Nxd1 41. Rxf8+ Qxf8 42. Qxd1 b2 43. Nc2 Qb4 44. Kh1 Qxc4 45. d6 Bc8 46. Nd2 Bxd2 47. Qxd2 Rxb1+ 48. Kh2 Rh1+ 49. Kxh1 b1Q+ 50. Kh2 e3 51. Qxe3 Qh4+ 52. Qh3 Bxh3 53. gxh3 0-1

[Event "Augustow op"]
[Site "Augustow"]
[Date "2009.06.26"]
[Round "8.3"]
[White "Wasik, Jozef"]
[Black "Wasik, Piotr"]
[Result "0-1"]
[WhiteElo "1846"]
[BlackElo "1982"]
[PlyCount "70"]
[EventDate "2009.06.20"]
[EventType "swiss"]
[EventRounds "9"]
[EventCountry "POL"]
[SourceTitle "CBM 131 Extra"]
[Source "ChessBase"]
[SourceDate "2009.09.03"]
[SourceVersion "2"]
[SourceVersionDate "2009.09.16"]
[SourceQuality "1"]

1. e4 c5 2. d4 cxd4 3. c3 dxc3 4. Nxc3 Nc6 5. Nf3 g6 6. Bc4 Bg7 7. 0-0 Nf6 8. Qe2 d6 9. e5 dxe5 10. Nxe5 Nxe5 11. Qxe5 0-0 12. Re1 Ng4 13. Qg3 Qd4 14. Qf4 Nxf2 15. Qxd4 Bxd4 16. Be3 Bxe3 17. Rxe3 Ng4 18. Re4 e5 19. h3 Nf6 20. Rxe5 Bd7 21. Rae1 a6 22. Nd5 Nxd5 23. Rxd5 Be6 24. Rd4 Bxc4 25. Rxc4 Rac8 26. Rec1 Rxc4 27. Rxc4 Rd8 28. Rb4 Rd7 29. Kf2 Re7 30. Kf3 f6 31. Re4 Kf7 32. Rxe7+ Kxe7 33. Ke4 Ke6 34. a4 a5 35. g4 f5+ 0-1

[Event "Augustow op"]
[Site "Augustow"]
[Date "2009.06.24"]
[Round "6.2"]
[White "Bernotas, Arturs"]
[Black "Wasik, Piotr"]
[Result "1-0"]
[WhiteElo "1934"]
[BlackElo "1982"]
[PlyCount "83"]
[EventDate "2009.06.20"]
[EventType "swiss"]
[EventRounds "9"]
[EventCountry "POL"]
[SourceTitle "CBM 131 Extra"]
[Source "ChessBase"]
[SourceDate "2009.09.03"]
[SourceVersion "2"]
[SourceVersionDate "2009.09.16"]
[SourceQuality "1"]

1. e4 c5 2. c3 d5 3. exd5 Qxd5 4. d4 e6 5. Nf3 Nf6 6. Na3 Nc6 7. Be3 cxd4 8. Nb5 Qd8 9. Nbxd4 Nxd4 10. Qxd4 Qxd4 11. Bxd4 Be7 12. Be2 0-0 13. Ne5 Nd5 14. Bf3 f6 15. Nc4 Nf4 16. 0-0-0 e5 17. Be3 Ne6 18. Nd6 Bxd6 19. Rxd6 Kf7 20. Bxb7 Bxb7 21. Rd7+ Kg6 22. Rxb7 a6 23. Rd1 Rfd8 24. Rxd8 Nxd8 25. Ra7 Rxa7 26. Bxa7 f5 27. b4 Kf6 28. a4 Ke6 29. Kc2 Nc6 30. Bc5 Kd5 31. Bf8 g5 32. Kb3 e4 33. c4+ Kd4 34. b5 Nb8 35. Bh6 Nd7 36. Bxg5 Nc5+ 37. Kb4 Nd3+ 38. Ka5 Nb2 39. bxa6 Kxc4 40. a7 Kd3 41. a8Q Ke2 42. Qd5 1-0

[Event "Augustow op"]
[Site "Augustow"]
[Date "2009.06.21"]
[Round "2.3"]
[White "Wasik, Piotr"]
[Black "Gorbacz, Filip"]
[Result "1-0"]
[WhiteElo "1982"]
[BlackElo "1491"]
[PlyCount "61"]
[EventDate "2009.06.20"]
[EventType "swiss"]
[EventRounds "9"]
[EventCountry "POL"]
[SourceTitle "CBM 131 Extra"]
[Source "ChessBase"]
[SourceDate "2009.09.03"]
[SourceVersion "2"]
[SourceVersionDate "2009.09.16"]
[SourceQuality "1"]

1. e4 e5 2. Nf3 Nc6 3. Nc3 Nf6 4. d4 exd4 5. Nd5 Be7 6. Bf4 d6 7. Nxd4 Nxd5 8. exd5 Nxd4 9. Qxd4 0-0 10. 0-0-0 Bf5 11. f3 Bf6 12. Qd2 Be5 13. Be3 Qf6 14. c3 Qd8 15. g4 Bd7 16. g5 g6 17. h4 a5 18. h5 b5 19. Bd3 b4 20. c4 b3 21. a3 c6 22. f4 Bg7 23. Qh2 Bf5 24. hxg6 fxg6 25. Qxh7+ Kf7 26. Bxf5 gxf5 27. g6+ Ke8 28. Qxg7 cxd5 29. Bd4 dxc4 30. Rde1+ Qe7 31. Qxe7# 1-0

[Event "POL-ch U18"]
[Site "Chotowa"]
[Date "2009.04.05"]
[Round "11"]
[White "Markowski, Piotr"]
[Black "Wasik, Piotr"]
[Result "1-0"]
[WhiteElo "2149"]
[BlackElo "1991"]
[PlyCount "65"]
[EventDate "2009.03.28"]
[EventType "swiss"]
[EventRounds "11"]
[EventCountry "POL"]
[SourceTitle "EXT 2018"]
[Source "ChessBase"]
[SourceDate "2017.10.13"]
[SourceVersion "1"]
[SourceVersionDate "2017.10.13"]
[SourceQuality "1"]

1. c4 e6 2. Nc3 d5 3. cxd5 exd5 4. g3 Nf6 5. Bg2 c6 6. Qc2 Bg4 7. Nf3 Nbd7 8. 0-0 Be7 9. d3 0-0 10. h3 Bh5 11. e4 dxe4 12. dxe4 h6 13. Nh4 Ne5 14. Nf5 Bf3 15. Bf4 Bxg2 16. Kxg2 Ng6 17. Be3 Bb4 18. Rad1 Qa5 19. Bd4 Ne5 20. a3 Bxc3 21. Bxc3 Qc7 22. Rd6 Nfd7 23. Rfd1 Rad8 24. Qd2 Nc4 25. Rxd7 Nxd2 26. Rxc7 Nxe4 27. Rxd8 Rxd8 28. Rxb7 Nxc3 29. bxc3 Rd3 30. Ne7+ Kh7 31. Nxc6 Rxc3 32. Nxa7 Rxa3 33. Rxf7 1-0

[Event "POL-ch U18"]
[Site "Chotowa"]
[Date "2009.04.01"]
[Round "7"]
[White "Bugajski, Mateusz"]
[Black "Wasik, Piotr"]
[Result "0-1"]
[WhiteElo "1601"]
[BlackElo "1991"]
[PlyCount "80"]
[EventDate "2009.03.28"]
[EventType "swiss"]
[EventRounds "11"]
[EventCountry "POL"]
[SourceTitle "EXT 2011"]
[Source "ChessBase"]
[SourceDate "2010.11.26"]
[SourceVersion "1"]
[SourceVersionDate "2010.11.26"]
[SourceQuality "1"]

1. d4 d5 2. c4 c6 3. Nc3 Nf6 4. Nf3 a6 5. a4 g6 6. g3 Bg7 7. Bg2 0-0 8. 0-0 dxc4 9. e4 Bg4 10. Be3 Nbd7 11. h3 Bxf3 12. Bxf3 e6 13. Qe2 b5 14. g4 h6 15. h4 e5 16. g5 hxg5 17. hxg5 Nh7 18. dxe5 Nxe5 19. Bg2 b4 20. Na2 Nd3 21. Rad1 Qe7 22. f4 Nxb2 23. Rb1 c3 24. e5 a5 25. Kf2 Qe6 26. Nc1 Rfd8 27. Be4 Qc4 28. Qf3 Rac8 29. Rh1 Nf8 30. f5 gxf5 31. Bxf5 Bxe5 32. Bxc8 Rxc8 33. Qf5 Re8 34. g6 Nxg6 35. Qh3 Bd4 36. Qh7+ Kf8 37. Qh6+ Bg7 38. Qg5 Qe4 39. Bc5+ Kg8 40. Qh5 Nf4 0-1

[Event "POL-ch U18"]
[Site "Chotowa"]
[Date "2009.04.01"]
[Round "6"]
[White "Wasik, Piotr"]
[Black "Mucha, Roman"]
[Result "0-1"]
[WhiteElo "1991"]
[BlackElo "2143"]
[PlyCount "64"]
[EventDate "2009.03.28"]
[EventType "swiss"]
[EventRounds "11"]
[EventCountry "POL"]
[SourceTitle "EXT 2011"]
[Source "ChessBase"]
[SourceDate "2010.11.26"]
[SourceVersion "1"]
[SourceVersionDate "2010.11.26"]
[SourceQuality "1"]

1. e4 Nc6 2. d4 d5 3. exd5 Qxd5 4. Nf3 Bg4 5. Be2 0-0-0 6. Nc3 Qa5 7. Be3 Kb8 8. 0-0 e6 9. h3 Bxf3 10. Bxf3 Nge7 11. a3 h6 12. b4 Qf5 13. b5 Na5 14. Qe2 Nd5 15. Ne4 Nxe3 16. fxe3 Qg6 17. c4 f5 18. Nd2 Qf6 19. Qd3 g5 20. Qc3 b6 21. Nb3 Nxb3 22. Qxb3 g4 23. Bxg4 Qg5 24. Bf3 Rg8 25. Rae1 Qg3 26. Qa4 e5 27. Bc6 e4 28. Re2 Bd6 29. Rf4 Bxf4 30. exf4 Rxd4 31. Bd5 Rg7 32. Be6 Qxf4 0-1

[Event "POL-ch U18"]
[Site "Chotowa"]
[Date "2009.03.29"]
[Round "2"]
[White "Wasik, Piotr"]
[Black "Kowalski, Lukasz"]
[Result "0-1"]
[WhiteElo "1991"]
[BlackElo "2082"]
[PlyCount "88"]
[EventDate "2009.03.28"]
[EventType "swiss"]
[EventRounds "11"]
[EventCountry "POL"]
[SourceTitle "EXT 2011"]
[Source "ChessBase"]
[SourceDate "2010.11.26"]
[SourceVersion "1"]
[SourceVersionDate "2010.11.26"]
[SourceQuality "1"]

1. e4 c5 2. Nf3 e6 3. c3 d5 4. exd5 Qxd5 5. d4 Nf6 6. Na3 Qd8 7. Nc2 Nc6 8. Bd3 Be7 9. 0-0 0-0 10. Re1 b6 11. Bg5 cxd4 12. Ncxd4 Bb7 13. Nxc6 Bxc6 14. Ne5 Bb7 15. Bb5 Nd5 16. Bxe7 Qxe7 17. c4 Nf6 18. Bc6 Bxc6 19. Nxc6 Qc5 20. Ne5 Rad8 21. Qf3 h6 22. Rad1 Rd6 23. h3 Rfd8 24. Rxd6 Qxd6 25. Qb7 Nd7 26. Nxd7 Rxd7 27. Qa8+ Kh7 28. Qe4+ g6 29. a3 Qd2 30. b4 Rd4 31. Qe3 Qxe3 32. Rxe3 Rxc4 33. Rd3 Rc7 34. Kf1 Kg7 35. Ke2 Kf6 36. Ke3 e5 37. h4 h5 38. g3 Ke6 39. Ke2 f6 40. Ke3 Kf5 41. Kd2 g5 42. hxg5 fxg5 43. Rd6 Rh7 44. f3 h4 0-1